प्रयोजनमूलक हिन्दी (Record no. 293875)

MARC details
000 -LEADER
fixed length control field 00982nam a2200265Ia 4500
003 - CONTROL NUMBER IDENTIFIER
control field OSt
005 - DATE AND TIME OF LATEST TRANSACTION
control field 20220923211016.0
008 - FIXED-LENGTH DATA ELEMENTS--GENERAL INFORMATION
fixed length control field 220922b |||||||| |||| 00| 0 hin d
020 ## - INTERNATIONAL STANDARD BOOK NUMBER
International Standard Book Number 8170554322 (hbk)
037 ## - SOURCE OF ACQUISITION
Terms of availability Textual
040 ## - CATALOGING SOURCE
Original cataloging agency ARTS
Transcribing agency ARTS
Language of cataloging hin
041 ## - LANGUAGE CODE
Source of code hin
Language code of text/sound track or separate title hin
100 ## - MAIN ENTRY--PERSONAL NAME
Personal name झाल्टे, दंगल
9 (RLIN) 157118
245 #0 - TITLE STATEMENT
Title प्रयोजनमूलक हिन्दी
Remainder of title सिद्धान्त और प्रयोग
246 ## - VARYING FORM OF TITLE
Title proper/short title Prayojanamūlak hindī: siddhānta aur prayoga
250 ## - EDITION STATEMENT
Edition statement द्वितीय संस्करण
260 ## - PUBLICATION, DISTRIBUTION, ETC.
Place of publication, distribution, etc. नयी दिल्ली
Name of publisher, distributor, etc. वाणी प्रकाशन
Date of publication, distribution, etc. 2006
300 ## - PHYSICAL DESCRIPTION
Extent 253पृ.
Dimensions cm.
942 ## - ADDED ENTRY ELEMENTS (KOHA)
Classification part P152, M5;P6
Koha item type Textual
Source of classification or shelving scheme Colon Classification (CC)
Holdings
Withdrawn status Lost status Damaged status Not for loan Home library Current library Date acquired Source of acquisition Cost, normal purchase price Total Checkouts Full call number Barcode Date last seen Date last checked out Cost, replacement price Price effective from Koha item type
        Arts Library Arts Library 2022-09-23 494, 04/03/2010, Vani Prakashan 325.00 2 P152 M5;P6 AL1484162 2025-12-23 2025-12-02 325.00 2022-09-23 Textual
Copyright @ Delhi University Library System